000 00355nam a2200157Ia 4500
003 Ost
005 20260225132555.0
008 260225s9999||||xx |||||||||||||| ||und||
040 _cfsic
041 _afre
082 _a440
100 _aCharon Jean-Marie
_eAuteur
245 0 _aLa Presse quotidienne /
245 0 _cCharon Jean-Marie
942 _cكتاب
999 _c34381
_d34381